000
00291nam a2200133Ia 4500
008
220613s9999||||xx |||||||||||||| ||und||
100
_a
Kuvalyananda Swami
245
0
_a
Pranayam ( Hindi)
250
_a
3rd(2012)
260
_b
Kevalthdham
300
_a
200
650
_a
Yoga
942
_c
GB
999
_c
11164
_d
11164